Mastering Microsoft SQL server 2005. / (Record no. 9099)

MARC details
000 -LEADER
fixed length control field 02356cam a22003734a 4500
001 - CONTROL NUMBER
control field 13809335
003 - CONTROL NUMBER IDENTIFIER
control field OSt
005 - DATE AND TIME OF LATEST TRANSACTION
control field 20220728112617.0
008 - FIXED-LENGTH DATA ELEMENTS--GENERAL INFORMATION
fixed length control field 041208s2006 caua 001 0 eng
010 ## - LIBRARY OF CONGRESS CONTROL NUMBER
LC control number 2004117505
020 ## - INTERNATIONAL STANDARD BOOK NUMBER
International Standard Book Number 0782144020
020 ## - INTERNATIONAL STANDARD BOOK NUMBER
International Standard Book Number 9780782144024
040 ## - CATALOGING SOURCE
Original cataloging agency DLC
Transcribing agency LC
Modifying agency DLC
050 00 - LIBRARY OF CONGRESS CALL NUMBER
Classification number QA76.9.C55.G97
082 00 - DEWEY DECIMAL CLASSIFICATION NUMBER
Classification number 005.75/85
Edition number 22
100 1# - MAIN ENTRY--PERSONAL NAME
Personal name Gunderloy, Mike.
9 (RLIN) 17
245 10 - TITLE STATEMENT
Title Mastering Microsoft SQL server 2005. /
Remainder of title Mike Gunderloy, Susan Sales Harkins.
250 ## - EDITION STATEMENT
Edition statement Express ed.
260 ## - PUBLICATION, DISTRIBUTION, ETC.
Place of publication, distribution, etc. Indianapolis, Indiana :
Name of publisher, distributor, etc. Wiley Publishing,
Date of publication, distribution, etc. 2006.
300 ## - PHYSICAL DESCRIPTION
Extent xxii, 576 p. :
Other physical details ill. ;
Dimensions 23 cm. +
500 ## - GENERAL NOTE
General note Includes index.
505 ## - FORMATTED CONTENTS NOTE
Formatted contents note Contents: Introducing SQL server express: Introduction to SQL server express -- Overview of database concepts -- Overview of SQL server express -- Database design and normalization -- Transact-SQL overview and basics -- Select queries -- Action queries -- Topics in advanced transact-SQL -- Digging into SQL server express: Using management studio express -- Databases -- Tables -- Indexing -- Views -- Stored procedures -- Using triggers -- Administering SQL server express: Basic administrative tasks -- Security and SQL server express -- Developing applications with SQL server express: Working with visual basic express -- Accessing data using ADO.NET -- Automating SQL server express using SMO and RMO -- Advanced SQL server express administration: Locking -- Monitoring and optimizing SQL server express -- Replication -- Service broker -- Troubleshooting --
630 00 - SUBJECT ADDED ENTRY--UNIFORM TITLE
Uniform title SQL server.
9 (RLIN) 18
650 #0 - SUBJECT ADDED ENTRY--TOPICAL TERM
Topical term or geographic name entry element Database design.
9 (RLIN) 19
650 #0 - SUBJECT ADDED ENTRY--TOPICAL TERM
Topical term or geographic name entry element Relational databases.
9 (RLIN) 20
700 1# - ADDED ENTRY--PERSONAL NAME
Personal name Harkins, Susan Sales.
9 (RLIN) 21
856 41 - ELECTRONIC LOCATION AND ACCESS
Materials specified Table of contents only
Uniform Resource Identifier <a href="http://www.loc.gov/catdir/toc/fy0705/2004117505.html">http://www.loc.gov/catdir/toc/fy0705/2004117505.html</a>
856 42 - ELECTRONIC LOCATION AND ACCESS
Materials specified Contributor biographical information
Uniform Resource Identifier <a href="http://www.loc.gov/catdir/enhancements/fy0661/2004117505-b.html">http://www.loc.gov/catdir/enhancements/fy0661/2004117505-b.html</a>
856 42 - ELECTRONIC LOCATION AND ACCESS
Materials specified Publisher description
Uniform Resource Identifier <a href="http://www.loc.gov/catdir/enhancements/fy0661/2004117505-d.html">http://www.loc.gov/catdir/enhancements/fy0661/2004117505-d.html</a>
906 ## - LOCAL DATA ELEMENT F, LDF (RLIN)
a 7
b cbc
c origres
d 2
e epcn
f 20
g y-gencatlg
942 ## - ADDED ENTRY ELEMENTS (KOHA)
Source of classification or shelving scheme Library of Congress Classification
Koha item type Books
Holdings
Withdrawn status Lost status Source of classification or shelving scheme Damaged status Not for loan Home library Current library Shelving location Date acquired Total Checkouts Full call number Barcode Date last seen Price effective from Koha item type
    Library of Congress Classification     WISCONSIN INTERNATIONAL UNIVERSITY COLLEGE, GHANA KUMASI LIBRARY WISCONSIN INTERNATIONAL UNIVERSITY COLLEGE, GHANA KUMASI LIBRARY General Stacks 15/11/2019   QA76.9.C55.G97 K/2386/2386/19 28/07/2022 28/07/2022 Books

If you have any concerns or questions; kindly contact the library


© Powered by WIUC ICT DIRECTORATE